Los efectos de la declaración de quiebra en los contratos bilaterales

Bewaard in:
Bibliografische gegevens
Hoofdauteur: Finez Ratón, José Manuel (Auteur)
Formaat: Boek
Taal:Spaans
Gepubliceerd in: Madrid Civitas 1992
Reeks:Estudios de Derecho Mercantil, 6
Onderwerpen:
Tags: Voeg label toe
Geen labels, Wees de eerste die dit record labelt!

MARC

LEADER 00000nam a2200000 a 4500
001 UCV2651
003 CL-VaPUC
008 921006e19920000SP |||||||||||||||||spa|d
082 0 4 |a 346.078  |b FIN  |2 21 
100 0 |a Finez Ratón, José Manuel  |e author  |9 296918 
245 1 4 |a Los efectos de la declaración de quiebra en los contratos bilaterales 
300 |a 318 p 
942 |c BK 
945 |d 19921006 00:00:00 
260 |a Madrid  |b Civitas  |c 1992 
650 0 |a Quiebra  |9 255386 
650 0 |a Derecho y legislación   |9 255077 
583 |a last modification  |c 19921006 00:00:00  |k Rodrigo Vera 
490 0 |a Estudios de Derecho Mercantil, 6 
999 |c 210159  |d 210157 
952 |0 0  |1 0  |4 0  |6 346_078000000000000_FIN_1992  |7 0  |8 A  |9 186204  |a BIBDER  |b BIBDER  |d 2019-11-14  |i 2536838  |o 346.078 FIN 1992  |p 2536838  |r 2023-01-25  |w 2019-11-14  |y BK  |k DER